| 000 | 00509nam a2200181Ia 4500 | ||
|---|---|---|---|
| 001 | 7606 | ||
| 005 | 20260306160507.0 | ||
| 008 | 260306t2001||||xx |||||||||||||| ||spa|| | ||
| 041 | _aESP | ||
| 082 |
_a352.283 _bA22 |
||
| 100 |
_aAcuña Montañez, Julio _eAUT |
||
| 245 | 0 |
_aLa junta de rehabilitación y desarrollo de Arequipa: _buna experiencia exitosa de descentralización 1958-1968 |
|
| 260 | _c2001 | ||
| 300 |
_a68 páginas : _c20 cm. |
||
| 650 | _aGEN | ||
| 654 | _aCAN | ||
| 942 |
_cLIB _dJUS _fJUS _2ddc _n |
||
| 999 |
_c7606 _d7606 |
||